Mejoras en vías rápidas, caso Autopista General Cañas
Na minha lista:
| Autor principal: | |
|---|---|
| Outros Autores: | |
| Formato: | Livro |
| Publicado em: |
San José, Costa Rica
1992
|
| Assuntos: | |
| Tags: |
Adicionar Tag
Sem tags, seja o primeiro a adicionar uma tag!
|
MARC
| LEADER | 00000nam a2200000Ia 4500 | ||
|---|---|---|---|
| 003 | 005436 | ||
| 005 | 20221231144323.0 | ||
| 008 | 140114s1992 cr a m 000 ||s d | ||
| 040 | |c cru CEDI | ||
| 090 | |a TFG 2592 | ||
| 100 | |a Barahona Cordero, Minor |9 12480 | ||
| 245 | |a Mejoras en vías rápidas, caso Autopista General Cañas | ||
| 260 | |c 1992 |a San José, Costa Rica | ||
| 300 | |a [123] hojas : ilustraciones (algunas plegables) ; 28 cm. | ||
| 500 | |a Proyecto de graduación (licenciatura en ingeniería civil)--Universidad de Costa Rica. Facultad de Ingeniería. Escuela de Ingeniería Civil | ||
| 650 | |x CARRETERAS - MANTENIMIENTO Y REPARACION |9 12482 | ||
| 700 | |9 12481 |a Morales Loría, Adrián | ||
| 942 | |c TFG | ||
| 999 | |c 20120 |d 20120 | ||
